000 00644nam a2200193 i 4500
001 32899
003 ES-MaACL
005 20230906154647.0
007 t|
008 030131s1910 sp ||||1| spa d
100 1 _aBermúdez Devós, Manuel.
_928147
245 1 3 _aLa cultura griega en el siglo V, y la época de Pericles /
_ctesis leída por Manuel Bermúdez Devós.
260 _aMadrid :
_b[J. Góngora],
_c1910.
300 _a21 p. ;
_c22 cm.
502 _aTesis doctoral.
651 4 _aGrecia-
_xHistoria-
_y479-431 a.C., Supremacía ateniense.
_9173636
651 4 _aAtenas-
_xHistoria-
_yS.V a.C.
_9173637
852 _aES-MaACL
_j1715-F-25
999 _c32899
_d32899